| 000 | 00412nam a22001457a 4500 | ||
|---|---|---|---|
| 082 |
_a551 _bBRA _cL-15, P-18 |
||
| 100 |
_aBranson, E.B _940161 |
||
| 245 |
_aIntroduction to geology _cBranson, E.B |
||
| 250 | _a3rd ed. | ||
| 260 |
_aNew york, London _bMcGraw-Hill Book Company _c1952 |
||
| 300 |
_aix, 492 p. _bill. _c25 cm. |
||
| 526 |
_a0 _b0 _c0 _d551_000000000000000_BRA |
||
| 650 |
_aMCE _9379 |
||
| 942 |
_2ddc _cBK |
||
| 999 |
_c544520 _d544520 |
||